Who Asked The Question? (Movies) Quiz Stats

 Plays Quiz Updated Oct 20, 2015

Challenge
Share
Tweet
Embed
Score 0/20 Timer 05:00
0 Plays Today
% Correct
Princess Leia Organa
87.3%
The Joker
85.2%
Indiana Jones
83.6%
Harry Callahan
76.1%
Buzz Lightyear
66.9%
Marty McFly
66.6%
Lloyd Christmas
59.7%
George Bailey
58.9%
Don Corleone
57.4%
Travis Bickle
56.3%
% Correct
Randle McMurphy
52.9%
Benjamin Braddock
52.6%
Lois Lane
50.3%
Oskar Schindler
47.9%
Daniel Kaffee
40.6%
Tyler Durden
38.7%
Verbal Kint
37.5%
Anton Chigurh
37.3%
Aldo Raine
30%
Charlie Babbitt
29.1%

You're not logged in!

Compare scores with friends on all Sporcle quizzes.
Join for Free
OR
Log In

You Might Also Like...

Show Comments

Extras

Top Quizzes Today


Score Distribution

Your Account Isn't Verified!

In order to create a playlist on Sporcle, you need to verify the email address you used during registration. Go to your Sporcle Settings to finish the process.

Report this User

Report this user for behavior that violates our Community Guidelines.

Details: